000 00596nam a2200169 4500
999 _c18476
_d18476
008 231121b ||||| |||| 00| 0 eng d
020 _a9781529791860
082 _22023
_aDC 305.8001
_bM263
100 _aMadden, Raymond.
_950137
245 _aBeing ethnographic :
_ba guide to the theory and practice of ethnography /
_cRaymond Madden.
260 _aLos Angeles :
_bSage,
_c©2023.
300 _axv, 211 pages :
_billustrations ;
_c24 cm.
500 _aIncludes references and index.
650 _aEthnology
_vPhilosophy.
_950138
650 _aEthnology
_xMethodology.
_950139
942 _2ddc
_cDC